01584 a2200181 45000010006000000050017000060080041000230030015000640400040000790800022001192450052001410200018001932640068002113000019002795051067002980410008013651000029013733093920260407155618.0260407a1978 arg spa dAR-UNSa-BCEJYS aAR-UNSa-BCEJYSbspacAR-UNSa-BCEJYS a657xContabilidad10aManual de contabilidad de las entidades locales a84-7088-216-3 1aMadrid :bInstituto de Estudios de Administración Localc1978 a588 p.c24 cm. a1. Contabilidad administrativa local - 2. Esquema general de la contabilidad local - 3. Los ingresos locales - 4. Gastos locales - 5. Régimen de tesorería cobros - 6. Régimen de tesorería pagos en firme y a justificar - 7. Justificación de los pagos - 8. Régimen de tesorería movimientos inversos - 9. Mandamientos de cobros y pagos - 10. Instrumentos registrales de contabilidad de derechos y obligaciones - 11. Instrumentos registrales de contabilidad de cobros y pagos - 12. Instrumentos registrales de cobros y pagos y otros - 13. Contabilidad especifica de recaudación - 14. Contabilidad de operaciones de crédito - 15. La contabilidad local integrada - 16. Contabilidad administrativa presuntiva - 17. Mecanización contable - 18. Automación contable - 19. Problemas contables en la administración local - 20. Coste y rendimiento de los servicios locales - 21. Manual de normas para la obtención de los costes de los servicios públicos locales - 22. Contabilidad crítica local - 23. Contabilidad administrativa local práctica aspa1 aDominguez Alonso, Manuel